Statistics for All 2021 F1 Drivers

Click here to take the quiz!

General Stats

  • This quiz has been taken 27 times
  • The average score is 20 of 21

Answer Stats

HintAnswer% Correct
AlpineAlonso
100%
MercedesBottas
100%
FerrariLeclerc
100%
Red BullPerez
100%
Red BullVerstappen
100%
Aston MartinVettel
100%
MercedesHamilton
95%
HaasMazepin
95%
McLarenNorris
95%
AlpineOcon
95%
Alfa RomeoRaikkonen
95%
FerrariSainz
95%
HaasSchumacher
95%
Alpha TauriGasly
90%
WilliamsRussell
90%
Aston MartinStroll
90%
Alfa RomeoGiovinazzi
86%
Alfa RomeoKubica
86%
WilliamsLatifi
86%
McLarenRicciardo
86%
Alpha TauriTsunoda
86%

Score Distribution

Percentile by Number Answered

Percent of People with Each Score

Your Score History

You have not taken this quiz